Population concerns in india: (Record no. 151277)

MARC details
000 -LEADER
fixed length control field 00709nam a22001937a 4500
005 - DATE AND TIME OF LATEST TRANSACTION
control field 20180417105106.0
010 ## - LCCN (DPL NO)
LC control number ENG-122635
020 ## - INTERNATIONAL STANDARD BOOK NUMBER
Terms of availability 850.00
International Standard Book Number 9789386446145
035 ## - SYSTEM CONTROL NUMBER
System control number EN-106167
037 ## - SOURCE OF ACQUISITION
Source of stock number/acquisition DBAD/PUB
082 ## - DEWEY DECIMAL CLASSIFICATION NUMBER
Classification number 363.90954
100 ## - MAIN ENTRY--PERSONAL NAME
Personal name Srinivasan,Krishnamurthy
245 ## - TITLE STATEMENT
Title Population concerns in india:
Statement of responsibility, etc by Nirmali Goswami [and] Meenakshi Thapan
Remainder of title Shifting trends,policies and programs /
260 ## - PUBLICATION, DISTRIBUTION, ETC. (IMPRINT)
Date of publication, distribution, etc 2017
Place of publication, distribution, etc New Delhi
Name of publisher, distributor, etc Sage Publications India Ltd.
270 ## - ADDRESS
Address B1/1-1 Mohan Cooperative Industrial Area,Mathura Road,
City New Delhi
Postal code 110044
Electronic mail address www.sagepub.in
300 ## - PHYSICAL DESCRIPTION
Dimensions 22cm(Hb)
Extent 293P.
500 ## - GENERAL NOTE
General note It includes bibliographic index
942 ## - ADDED ENTRY ELEMENTS (KOHA)
Item type English Books
Source of classification or shelving scheme Dewey Decimal Classification
Call number suffix SRI
Classification part 363.90954
Holdings
Withdrawn status Lost status Not for loan Collection code Home library Current library Date acquired Source of acquisition Cost, normal purchase price Full call number Barcode Copy number Cost, replacement price Koha item type
    Not For Loan Non-fiction D.B.Act.Division Central Library 17/04/2018 DBAD/PUB 850.00 363.90954 SRI EN-106167 1 850.00 English Books

© Delhi Public Library
Hit Counter
free hit counter